000 00818nas a2200277 4500
001 BR0203959
003 BR-BrBNA
005 20231205103155.0
007 ta
008 230509b bl.|||p| |||| 00| 00por d
040 _aBR-BrBNA
_bpor
_cBiblioteca Nacional de Agricultura
041 _a(Pt)
072 _aH20
100 1 _aMio, L.L.M.D.
100 1 _aAmorim, L.
100 1 _aSchuta, L.R.
245 1 _aSuscetibilidade de clones de álamo à ferrugem no viveiro, eficiência de fungicidas e avaliação de danos
650 _aCHOUPO
650 _aVIVEIRO
650 _aCLONE
650 _aFERRUGEM
650 _aFUNGICIDA
773 0 _tSumma Phytopathologica (Brazil)
_xISSN 0100-5405
_g(Jan-Mar 2002), v. 28(1) p. 46-51
_wBR0203959
909 _a202311
_bLúcia
_c55
_dLúcia Elande
942 _2AGRIS
_n0
_cANA
999 _c171479
_d171479